| 000 | 00562nam a22001577a 4500 | ||
|---|---|---|---|
| 003 | ASAB | ||
| 005 | 20180827062845.0 | ||
| 008 | 180514t xxu||||| |||| 00| 0 eng d | ||
| 040 | _cASAB | ||
| 100 |
_aSaba Haq-sup-Dr. Nasir Jalal _93986 |
||
| 245 |
_aTH-MS-TO determine the efficacy of novel synhetic anti-cancer compounds via cytotoxicity assays on mammalian cell line and in-silico analysis _cSaba Haq-sup-Dr. Nasir Jalal |
||
| 260 |
_aIslamabad _bASAB NUST _c2014 |
||
| 300 |
_axx, 103 P _b30 cm |
||
| 630 |
_aVirology and Immunology _93987 |
||
| 942 |
_2ddc _cTH |
||
| 999 |
_c480893 _d480893 |
||